000 00439nam a22001337a 4500
008 130704t xxu||||| |||| 00| 0 eng d
040 _aBUAC
_cCDIRSP
041 _aEn
100 _aAdjou- Moumouni, Basile
_925191
245 _aOn developing curriculum to train physicians according to needs of african countries
_c / Basile, Adjou- Moumouni
260 _aGeneva :
_bWORLD HEALTH ORGANIZATION,
_c1972
300 _a69 p.
942 _cLIVR
999 _c51759
_d51759